000 nam a22 7a 4500
999 _c9319
_d9319
008 180127b ||||| |||| 00| 0 eng d
100 _aMathur.etal.
_95574
245 _aDigest Science-X
260 _aNew Delhi
_bArya
_c2008